Visualizzazione normale
Vista MARC
- Eguez M.L., Sacco P., Nuvoli G., Forti G.L., Lami G., Migliore L., Pontermoli A.
di Personal Name
Records bibliografici associati: 1
001 - CONTROL NUMBER
- control field: 60010
003 - CONTROL NUMBER IDENTIFIER
- control field:
005 - DATE AND TIME OF LATEST TRANSACTION
- control field: 20230504123800.0
008 - FIXED-LENGTH DATA ELEMENTS
- fixed length control field: 230504|| aca||aabn | a|a d
040 ## - CATALOGING SOURCE
- Original cataloging agency:
- Transcribing agency:
100 ## - HEADING--PERSONAL NAME
- Personal name: Eguez M.L., Sacco P., Nuvoli G., Forti G.L., Lami G., Migliore L., Pontermoli A.
- Personal name: Negri M.P., Boschi A., Di Stefano M., Notarfonso D., Carocci G., Luciani F., Zappoli G., Fantoni G
670 ## - SOURCE DATA FOUND
- Source citation: Work cat.: ()359699: Tarabochia Alessandra (a cura di) 60008, Alleanze., 2022